Tratado de la tolerancia
Saved in:
| Main Author: | |
|---|---|
| Format: | Book |
| Language: | Spanish |
| Published: |
Barcelona
Crítica
1976
|
| Series: | Estudios y Ensayos
|
| Subjects: | |
| Tags: |
Add Tag
No Tags, Be the first to tag this record!
|
MARC
| LEADER | 00000nam a2200000 a 4500 | ||
|---|---|---|---|
| 001 | UCP1248 | ||
| 003 | CL-VaPUC | ||
| 008 | 990401e19760000SP |||||||||||||||||spa|d | ||
| 082 | 0 | 4 | |a 179.9 |b VOL |2 21 |
| 100 | 0 | |a Voltaire |e author |9 314050 | |
| 245 | 1 | 0 | |a Tratado de la tolerancia |
| 300 | |a 175 p | ||
| 942 | |c BK | ||
| 945 | |d 19990401 00:00:00 |a lazolas | ||
| 260 | |a Barcelona |b Crítica |c 1976 | ||
| 650 | 0 | |a Filosofía |9 223554 | |
| 650 | 0 | |a Ilustración |9 313124 | |
| 650 | 0 | |a Religión |9 255164 | |
| 650 | 0 | |a Sociedad |9 307903 | |
| 650 | 0 | |a Religión |9 255164 | |
| 583 | |a last modification |c 19990401 00:00:00 |k Rodrigo Vera | ||
| 490 | 0 | |a Estudios y Ensayos | |
| 999 | |c 279948 |d 279946 | ||
| 952 | |0 0 |1 0 |4 0 |6 179_900000000000000_VOL_1976 |7 0 |8 A |9 319889 |a BIBHIS |b BIBHIS |d 2019-11-20 |i 1331825 |l 2 |m 1 |o 179.9 VOL 1976 |p 1331825 |r 2025-01-20 |s 2022-11-16 |w 2019-11-20 |y BK |k HIS | ||